| 000 | 00887nam a2200253 i 4500 | ||
|---|---|---|---|
| 001 | bg | ||
| 100 | 1 | _aALBERSKI, Robert | |
| 245 | 1 | 0 |
_aPolityka ochrony środowiska w Polsce / _cRobert Alberski ; Towarzystwo Naukowe Prawa Ochrony Środowiska. |
| 260 |
_aWrocław : _b"Prawo Ochrony Środowiska", _c1996. |
||
| 300 |
_a233 s. : _bwykr. ; _c21 cm. |
||
| 490 | 1 | _aPolityka Ochrony Środowiska | |
| 500 | _a19 poz. wydawnicza. | ||
| 504 | _aBibliogr. s. 226-233, wykaz dokumentów s. 222-225. | ||
| 510 | _aNumeracja łączna dla książek z serii Komentarze, Polityka... i bez serii | ||
| 650 | 9 |
_aŚrodowisko człowieka _xhigiena i ochrona _xpolityka _zPolska |
|
| 830 | _aPolityka Ochrony Środowiska | ||
| 020 | _a8390443813 | ||
| 040 | _cBPK | ||
| 041 | 0 | _apl | |
| 080 | _a504(438) | ||
| 920 | _a83-904438-1-3 | ||
| 942 | _cKS | ||
| 008 | s pl f |000 0 pol | ||
| 999 |
_c31825 _d31825 |
||
| 856 |
_uhttp://koha.tu.koszalin.pl/cgi-bin/koha/opac-detail.pl?biblionumber=31825 _yKatalog online BPK |
||